000 00220nam a22000857a 4500
008 160711b xxu||||| |||| 00| 0 eng d
100 _92593
_a Prakash, V
245 _aJealous
260 _aNew Delhi
_bDreamland Publication
_c2004
999 _c2253
_d2253